[Event "Women's Speed Chess Q5"]
[Site "chess.com INT"]
[Date "2021.06.04"]
[Round "1"]
[White "Khalafova, Narmin"]
[Black "Von Herman, Brigitte"]
[Result "1-0"]
[WhiteTitle "WGM"]
[BlackTitle "WFM"]
[WhiteElo "2279"]
[BlackElo "1991"]
[WhiteFideId "13402625"]
[BlackFideId "4628730"]
[EventDate "2021.06.04"]

1. e4 e5 2. Nf3 Nc6 3. Bb5 a6 4. Ba4 Nf6 5. O-O Be7 6. d3 b5 7. Bb3 d6 8. h3 O-O
9. a4 b4 10. Nbd2 Na5 11. Ba2 Rb8 12. Re1 c5 13. Nf1 b3 14. Bb1 bxc2 15. Bxc2
Bb7 16. g4 h6 17. Ng3 Nb3 18. Bxb3 Bc6 19. Bc4 1-0

[Event "Women's Speed Chess Q5"]
[Site "chess.com INT"]
[Date "2021.06.04"]
[Round "1"]
[White "Eswaran, Aksithi"]
[Black "Nandhidhaa, P V"]
[Result "0-1"]
[WhiteTitle "WCM"]
[BlackTitle "WGM"]
[WhiteElo "1745"]
[BlackElo "2365"]
[WhiteFideId "2083485"]
[BlackFideId "5050847"]
[EventDate "2021.06.04"]

1. e4 g6 2. d4 Bg7 3. Nf3 c6 4. Be2 d5 5. Nc3 dxe4 6. Nxe4 Nf6 7. Nc3 O-O 8. O-O
Nbd7 9. h3 c5 10. dxc5 Nxc5 11. Bg5 Bf5 12. Rc1 Nfe4 13. Nxe4 Nxe4 14. Qxd8
Rfxd8 15. Bxe7 Bxb2 16. Bxd8 Bxc1 17. Rxc1 Rxd8 18. Bd3 Nd6 19. Bxf5 Nxf5 20. c4
Rc8 21. Nd4 Nxd4 0-1

[Event "Women's Speed Chess Q5"]
[Site "chess.com INT"]
[Date "2021.06.04"]
[Round "1"]
[White "Torres Hernandez, Leslie Carolin"]
[Black "Arakhamia-Grant, Ketevan"]
[Result "0-1"]
[WhiteTitle "WFM"]
[BlackTitle "GM"]
[WhiteElo "1884"]
[BlackElo "2380"]
[WhiteFideId "8400504"]
[BlackFideId "13600168"]
[EventDate "2021.06.04"]

1. e4 c5 2. Nc3 e6 3. g3 Nc6 4. Bg2 g6 5. Nge2 Bg7 6. d3 Nge7 7. Be3 d6 8. O-O
Nd4 9. Qd2 O-O 10. f4 Rb8 11. a4 b6 12. Nd1 Bb7 13. c3 Nb3 14. Qe1 Nxa1 15. g4
Nc2 16. Qf2 Nxe3 17. Qxe3 f5 18. h3 Qd7 19. Ng3 e5 20. exf5 Bxg2 21. Kxg2 gxf5
22. g5 exf4 23. Qxf4 Ng6 24. Qc4+ d5 25. Qb3 f4 26. Nh5 f3+ 27. Rxf3 Nh4+ 0-1

[Event "Women's Speed Chess Q5"]
[Site "chess.com INT"]
[Date "2021.06.04"]
[Round "1"]
[White "Koridze, Lile"]
[Black "Kashlinskaya, Alina"]
[Result "0-1"]
[WhiteTitle "WFM"]
[BlackTitle "IM"]
[WhiteElo "2016"]
[BlackElo "2494"]
[WhiteFideId "13612514"]
[BlackFideId "4198026"]
[EventDate "2021.06.04"]

1. d4 d5 2. c4 e6 3. Nf3 c6 4. g3 f5 5. Bg2 Nf6 6. O-O Bd6 7. Qc2 O-O 8. b3 Qe7
9. a4 Nbd7 10. Ba3 Bxa3 11. Nxa3 b6 12. Qc3 Ne4 13. Qc1 Bb7 14. Nc2 c5 15. dxc5
Ndxc5 16. Qb2 Qf6 17. Ncd4 Rad8 18. cxd5 Bxd5 19. b4 Nb3 20. Rad1 g5 21. e3 g4
22. Ne1 Bc4 23. Nec2 Bxf1 24. Bxf1 Nxd4 25. Rxd4 Ng5 26. Kg2 e5 27. Bc4+ Kh8 28.
Rd1 Qc6+ 0-1

[Event "Women's Speed Chess Q5"]
[Site "chess.com INT"]
[Date "2021.06.04"]
[Round "1"]
[White "Dzagnidze, Nana"]
[Black "Franco Valencia, Angela"]
[Result "1-0"]
[WhiteTitle "GM"]
[BlackTitle "WIM"]
[WhiteElo "2524"]
[BlackElo "2089"]
[WhiteFideId "13601903"]
[BlackFideId "4403070"]
[EventDate "2021.06.04"]

1. c4 Nf6 2. Nf3 g6 3. g3 Bg7 4. Bg2 Nc6 5. d4 d6 6. Nc3 e5 7. O-O exd4 8. Nxd4
Nxd4 9. Qxd4 O-O 10. Qd2 Rb8 11. b3 Qe7 12. Bb2 Bf5 13. Rfd1 a6 14. Rac1 Rfe8
15. e3 Ne4 16. Nxe4 Bxb2 17. Qxb2 Bxe4 18. Qd4 Bxg2 19. Kxg2 Rbd8 20. h4 c6 21.
Qf4 Qe5 22. Rd4 Qxf4 23. gxf4 d5 24. cxd5 Rxd5 25. Rxd5 cxd5 26. Rc7 Rd8 27.
Rxb7 d4 28. exd4 Rxd4 29. Rb6 a5 30. Ra6 Rxf4 31. Rxa5 Rxh4 32. a4 h5 33. Rb5
Rg4+ 34. Kh3 Rg1 35. a5 Ra1 36. b4 Kg7 37. Rb6 g5 38. a6 Ra3+ 39. Kg2 g4 40. b5
h4 41. Rb7 Kg6 42. Rb8 Kg5 43. Rg8+ Kf4 44. b6 h3+ 45. Kh2 Ra2 46. b7 Rxf2+ 47.
Kg1 Rg2+ 48. Kh1 g3 49. b8=Q+ Kf3 50. Qb7+ Ke2 51. Qxg2+ 1-0

[Event "Women's Speed Chess Q5"]
[Site "chess.com INT"]
[Date "2021.06.04"]
[Round "1"]
[White "Avramidou, Anastasia"]
[Black "Zakirova, Aisha"]
[Result "1-0"]
[WhiteTitle "FM"]
[BlackTitle "WCM"]
[WhiteElo "2238"]
[BlackElo "1585"]
[WhiteFideId "4239873"]
[BlackFideId "13719734"]
[EventDate "2021.06.04"]

1. d4 Nf6 2. c4 g6 3. Nc3 d5 4. Nf3 Bg7 5. h4 O-O 6. h5 c5 7. hxg6 fxg6 8. cxd5
Nxd5 9. e4 Nxc3 10. bxc3 cxd4 11. cxd4 Nc6 12. Bc4+ Kh8 13. Ng5 h6 14. Nf7+ Rxf7
15. Bxf7 Nxd4 16. Bd5 Kh7 17. Bxh6 Bxh6 18. Qxd4 e6 19. Qd2 Qf8 20. Bb3 a5 21.
Rc1 a4 22. Rc7+ Kg8 23. Rxh6 axb3 24. Rxg6+ Kh8 25. Qd4+ 1-0

[Event "Women's Speed Chess Q5"]
[Site "chess.com INT"]
[Date "2021.06.04"]
[Round "1"]
[White "Perez Rodriguez, Jennifer"]
[Black "Singgih, Diajeng Theresa"]
[Result "1-0"]
[WhiteTitle "WIM"]
[BlackTitle "WFM"]
[WhiteElo "2251"]
[BlackElo "1972"]
[WhiteFideId "3507831"]
[BlackFideId "7104391"]
[EventDate "2021.06.04"]

1. e4 e5 2. Nc3 Nc6 3. f4 exf4 4. Nf3 d5 5. exd5 Nb4 6. Bb5+ c6 7. dxc6 bxc6 8.
Bc4 Bd6 9. O-O f6 10. a3 Na6 11. Qe2+ Ne7 12. Bxa6 Qb6+ 13. Kh1 Bxa6 14. d3 O-O
15. Qe6+ Kh8 16. Qxd6 Ng6 17. Qb4 Qc7 18. Ne4 f5 19. Qd6 Qb6 20. Neg5 Rf6 21.
Qd4 c5 22. Qc3 Re8 23. Nh3 Qd6 24. Bd2 Rfe6 25. Rae1 Bb7 26. Nhg5 Rxe1 27. Rxe1
Rxe1+ 28. Bxe1 Ba8 29. Nf7+ 1-0

[Event "Women's Speed Chess Q5"]
[Site "chess.com INT"]
[Date "2021.06.04"]
[Round "1"]
[White "Kotepalli, Sai Nirupama"]
[Black "Varney, Zoe"]
[Result "1-0"]
[WhiteTitle "WFM"]
[BlackTitle "WCM"]
[WhiteElo "1914"]
[BlackElo "1917"]
[WhiteFideId "5039444"]
[BlackFideId "436135"]
[EventDate "2021.06.04"]

1. e4 e5 2. d3 Nc6 3. Nf3 Nf6 4. g3 Bc5 5. Bg2 d6 6. O-O h6 7. c3 a6 8. d4 exd4
9. Nxd4 O-O 10. Be3 Bg4 11. Qb3 Na5 12. Qa4 c6 13. Nd2 b5 14. Qc2 Rc8 15. h3 Bd7
16. Rad1 Bxd4 17. Bxd4 c5 18. Be3 Qe7 19. Rfe1 Nc6 20. Nb3 Rfe8 21. Bf4 d5 22.
exd5 Qxe1+ 23. Rxe1 Rxe1+ 24. Kh2 Na7 25. Be3 Re8 26. Nxc5 Bc8 27. d6 Be6 28.
Nd3 Nc8 29. Nxe1 Nxd6 30. b3 Bf5 31. Qd1 Nde4 32. Bd4 Rc8 33. g4 Bg6 34. Qc1 1-0

[Event "Women's Speed Chess Q5"]
[Site "chess.com INT"]
[Date "2021.06.04"]
[Round "1"]
[White "Smietanska, Wiktoria"]
[Black "Tomilova, Elena"]
[Result "1/2-1/2"]
[WhiteTitle "CM"]
[BlackTitle "WGM"]
[WhiteElo "1802"]
[BlackElo "2353"]
[WhiteFideId "21869359"]
[BlackFideId "4162340"]
[EventDate "2021.06.04"]

1. c4 e5 2. Nc3 Nf6 3. Nf3 Nc6 4. e4 g6 5. d4 Bb4 6. Bg5 h6 7. Bxf6 Qxf6 8. d5
Nd4 9. a3 Bxc3+ 10. bxc3 Nxf3+ 11. Qxf3 Qxf3 12. gxf3 d6 13. Bd3 f5 14. Rg1 Kf7
15. Ke2 Bd7 16. Rg2 Rhg8 17. Rag1 g5 18. exf5 Kf6 19. h4 Bxf5 20. hxg5+ hxg5 21.
Be4 a5 22. a4 Bd7 23. Bc2 Rg7 24. Rh2 Rag8 25. Rh6+ Ke7 26. Ke3 g4 27. fxg4 Bxg4
28. Rh7 Rxh7 29. Bxh7 Rh8 30. Rxg4 Rxh7 31. Rg8 Rh3+ 32. Kd2 Rf3 33. Rg7+ Kd8
34. Rg8+ Ke7 35. Rg7+ Rf7 36. Rxf7+ Kxf7 37. Ke3 Kf6 38. Ke4 Kg5 39. c5 Kf6 40.
cxd6 cxd6 41. c4 b6 42. f4 exf4 43. Kxf4 Kg6 44. Kg4 Kf6 45. Kf4 Kg6 46. Kg4 Kf6
47. Kf4 1/2-1/2

[Event "Women's Speed Chess Q5"]
[Site "chess.com INT"]
[Date "2021.06.04"]
[Round "1"]
[White "Nomin-Erdene, Davaademberel"]
[Black "Grigoryan, Meri"]
[Result "0-1"]
[WhiteTitle "IM"]
[BlackTitle "WFM"]
[WhiteElo "2382"]
[BlackElo "2044"]
[WhiteFideId "4900782"]
[BlackFideId "13300571"]
[EventDate "2021.06.04"]

1. f4 Nf6 2. Nf3 Nc6 3. d3 d5 4. g3 Bg4 5. Ne5 Nxe5 6. fxe5 Nd7 7. d4 c5 8. c3
e6 9. Bg2 Rc8 10. O-O Be7 11. h3 Bh5 12. Bf4 Qb6 13. Qd2 O-O 14. g4 Bg6 15. e3
f6 16. Na3 cxd4 17. exd4 fxe5 18. Be3 exd4 19. Bxd4 Bc5 20. Bxc5 Nxc5 21. Kh1
Ne4 22. Qe1 Qc7 23. Nc2 Ng3+ 24. Kg1 Nxf1 0-1

[Event "Women's Speed Chess Q5"]
[Site "chess.com INT"]
[Date "2021.06.04"]
[Round "1"]
[White "Ramirez, Maria Eugenia"]
[Black "Luong, Phuong Hanh"]
[Result "0-1"]
[WhiteTitle "WFM"]
[BlackTitle "WIM"]
[WhiteElo "2057"]
[BlackElo "2229"]
[WhiteFideId "3301680"]
[BlackFideId "12401013"]
[EventDate "2021.06.04"]

1. e4 c5 2. c3 Nf6 3. e5 Nd5 4. g3 d6 5. exd6 Qxd6 6. Bg2 g6 7. Nf3 Bg7 8. d4
cxd4 9. Nxd4 O-O 10. O-O Nc6 11. Nxc6 bxc6 12. c4 Nb4 13. Qxd6 exd6 14. Nc3 Bf5
15. Bf4 Rad8 16. Rad1 Nd3 17. Bxc6 Nxb2 18. Rxd6 Bxc3 19. Rc1 Bg7 20. c5 Nd3 21.
Rd1 Rxd6 22. Bxd6 Rc8 23. g4 Rxc6 24. gxf5 Nxc5 25. fxg6 hxg6 26. Be7 Ne6 27.
Rd2 Bd4 28. Kg2 Rb6 29. a3 Rb2 30. Rd3 Rxf2+ 31. Kg3 Rc2 32. Bb4 g5 33. Kg4 Rf2
34. h3 f5+ 35. Kh5 Kf7 36. Rd1 Rh2 37. Rd3 Nf4+ 38. Kxg5 Nxd3 39. Bd6 Rg2+ 40.
Kxf5 Bc5 41. Bb8 Re2 42. h4 a6 43. h5 Bxa3 0-1

[Event "Women's Speed Chess Q5"]
[Site "chess.com INT"]
[Date "2021.06.04"]
[Round "1"]
[White "Shuvalova, Polina"]
[Black "Sviridova, Vlada"]
[Result "1-0"]
[WhiteTitle "IM"]
[BlackTitle "WFM"]
[WhiteElo "2489"]
[BlackElo "2144"]
[WhiteFideId "24171760"]
[BlackFideId "24109606"]
[EventDate "2021.06.04"]

1. e4 e6 2. d4 d5 3. Nc3 Bb4 4. e5 c5 5. a3 Bxc3+ 6. bxc3 Ne7 7. a4 b6 8. Bb5+
Bd7 9. Bd3 Nbc6 10. Qg4 Qc7 11. Nf3 Ng6 12. h4 cxd4 13. cxd4 Ncxe5 14. dxe5 Qc3+
15. Ke2 Qxa1 16. h5 Ne7 17. Qxg7 O-O-O 18. Qxf7 Nc6 19. Qg7 Rdg8 20. Qh6 Nxe5
21. Ba6+ Kb8 22. Qf4 Ka8 23. Qxe5 Qxa4 24. Bd3 Rxg2 25. Qxh8+ Kb7 26. Qxh7 Kc6
27. Ne5+ Kd6 28. Qxd7+ Qxd7 29. Nxd7 Kxd7 30. h6 1-0

[Event "Women's Speed Chess Q5"]
[Site "chess.com INT"]
[Date "2021.06.04"]
[Round "1"]
[White "Babiy, Olga"]
[Black "Mrudul, Dehankar"]
[Result "1-0"]
[WhiteTitle "WGM"]
[BlackTitle "WIM"]
[WhiteElo "2280"]
[BlackElo "2256"]
[WhiteFideId "14117258"]
[BlackFideId "25096990"]
[EventDate "2021.06.04"]

1. d4 Nf6 2. Nf3 e6 3. Bf4 b5 4. e3 a6 5. h3 Bb7 6. Bd3 d6 7. Nbd2 Nbd7 8. O-O
Qe7 9. e4 e5 10. Bh2 g6 11. Re1 Bg7 12. c4 b4 13. Qa4 O-O 14. Qxb4 Rab8 15. dxe5
Nc5 16. exf6 Qxf6 17. Bf1 Bxe4 18. Qa5 Bxf3 19. Nxf3 Qxb2 20. Rac1 Rfe8 21. Qxc7
Ne4 22. Bg3 Rbc8 23. Qa7 Ra8 24. Qd7 1-0

[Event "Women's Speed Chess Q5"]
[Site "chess.com INT"]
[Date "2021.06.04"]
[Round "1"]
[White "Bodnaruk, Anastasia"]
[Black "Dong, Khanh Linh"]
[Result "1-0"]
[WhiteTitle "IM"]
[BlackTitle "WCM"]
[WhiteElo "2446"]
[BlackElo "1970"]
[WhiteFideId "4181751"]
[BlackFideId "12403040"]
[EventDate "2021.06.04"]

1. e4 c5 2. Nc3 e6 3. Nge2 Nf6 4. g3 d5 5. e5 Nfd7 6. f4 Nc6 7. Bh3 a6 8. O-O b5
9. d3 Bb7 10. f5 Ndxe5 11. fxe6 f6 12. Nf4 Nd4 13. Bg2 Be7 14. Ncxd5 O-O 15.
Nxf6+ Rxf6 16. Bxb7 Ra7 17. Be4 Nxe6 18. Qh5 Ng6 19. Nxe6 Rxe6 20. Bd5 Qd6 21.
Qf5 Bf6 22. Bxe6+ Kh8 23. Bf4 Qd4+ 24. Kg2 Re7 25. Rae1 Qxb2 26. Bb3 Qd4 27.
Qc8+ 1-0

[Event "Women's Speed Chess Q5"]
[Site "chess.com INT"]
[Date "2021.06.04"]
[Round "1"]
[White "Klinova, Masha"]
[Black "Dordzhieva, Dinara"]
[Result "1-0"]
[WhiteTitle "IM"]
[BlackTitle "WGM"]
[WhiteElo "2275"]
[BlackElo "2311"]
[WhiteFideId "2802015"]
[BlackFideId "24157570"]
[EventDate "2021.06.04"]

1. e4 c5 2. Nf3 d6 3. Bb5+ Nd7 4. O-O a6 5. Bxd7+ Bxd7 6. d4 cxd4 7. Qxd4 Nf6 8.
c4 h6 9. Nc3 e5 10. Qd3 Rc8 11. a4 Be7 12. b3 O-O 13. Ba3 Qb6 14. a5 Qd8 15.
Rfd1 Ne8 16. Nxe5 Be6 17. Nf3 Qxa5 18. Bxd6 Qd8 19. Bxe7 Qxe7 20. Nd5 Bxd5 21.
exd5 Nd6 22. Re1 Qf6 23. Qd4 Qf5 24. h3 Rfd8 25. Re5 Qc2 26. Qe3 b5 27. Rc1 Qb2
28. c5 Nb7 29. c6 Nd6 30. Qc3 Qxc3 31. Rxc3 b4 32. Rc5 Nb5 33. Re7 Nc3 34. Rd7
Re8 35. c7 Kf8 36. d6 Ne4 37. Re5 Rxe5 38. Nxe5 Ke8 39. Re7+ Kf8 40. Rxf7+ Kg8
41. d7 1-0

[Event "Women's Speed Chess Q5"]
[Site "chess.com INT"]
[Date "2021.06.04"]
[Round "1"]
[White "Nurmanova, Alua"]
[Black "Farhat Willemstein, Stela Souza"]
[Result "1-0"]
[WhiteTitle "WFM"]
[BlackTitle "WFM"]
[WhiteElo "2093"]
[BlackElo "1758"]
[WhiteFideId "13729390"]
[BlackFideId "2109808"]
[EventDate "2021.06.04"]

1. e4 e5 2. Nf3 Nc6 3. Bc4 d6 4. c3 Nf6 5. Ng5 d5 6. exd5 Nxd5 7. d4 exd4 8. Qf3
Be6 9. O-O Be7 10. Nxe6 fxe6 11. Re1 Qd7 12. Bg5 O-O-O 13. Bxe7 Ncxe7 14. cxd4
Rhf8 15. Qe4 Rf6 16. Nc3 g6 17. Rac1 Rdf8 18. f3 Nxc3 19. bxc3 Nd5 20. Bb3 a6
21. c4 Nb4 22. a3 1-0

[Event "Women's Speed Chess Q5"]
[Site "chess.com INT"]
[Date "2021.06.04"]
[Round "1"]
[White "Petrova, Irina"]
[Black "Paehtz, Elisabeth"]
[Result "0-1"]
[WhiteTitle "WIM"]
[BlackTitle "IM"]
[WhiteElo "2110"]
[BlackElo "2456"]
[WhiteFideId "14124122"]
[BlackFideId "4641833"]
[EventDate "2021.06.04"]

1. e4 c5 2. Nf3 d6 3. Bb5+ Nd7 4. O-O Nf6 5. Re1 a6 6. Bf1 g6 7. c3 Bg7 8. d4
O-O 9. a4 e6 10. d5 exd5 11. exd5 Ng4 12. Bg5 Bf6 13. Bxf6 Qxf6 14. Nbd2 Nde5
15. Ne4 Qf4 16. Ng3 Nxf3+ 17. Qxf3 Qxf3 18. gxf3 Ne5 19. Be2 f5 20. f4 Nd7 21.
a5 Nf6 22. Bf3 Kf7 23. Nf1 Bd7 24. Ne3 Bb5 25. c4 Bd7 26. Nd1 b6 27. axb6 Rfb8
28. Re3 Rxb6 29. Rea3 Bc8 30. Re3 Rab8 31. Raa3 Rb4 32. Rac3 Bd7 33. b3 a5 34.
Nb2 Re8 35. Kf1 Reb8 36. Ke1 Ne8 37. Kd2 Nc7 38. Kc2 a4 39. Nxa4 Bxa4 40. bxa4
Rb2+ 41. Kc1 Rxf2 42. Rb3 Rxb3 43. Rxb3 Na6 44. Rb7+ Kf6 45. Rb6 Nb4 46. Rxd6+
Kf7 47. Bd1 Na2+ 48. Kb1 Nc3+ 49. Kc1 Rf1 50. Rd7+ Ke8 51. Rxh7 Nxd1 52. Kd2 Nb2
53. a5 Nxc4+ 54. Ke2 Ra1 55. Ra7 Rxa5 56. Rxa5 Nxa5 57. Kd3 Kd7 0-1

[Event "Women's Speed Chess Q5"]
[Site "chess.com INT"]
[Date "2021.06.04"]
[Round "1"]
[White "Kulkarni, Bhakti"]
[Black "Doluhanova, Evgeniya"]
[Result "1/2-1/2"]
[WhiteTitle "IM"]
[BlackTitle "WGM"]
[WhiteElo "2391"]
[BlackElo "2192"]
[WhiteFideId "5019516"]
[BlackFideId "14112035"]
[EventDate "2021.06.04"]

1. d4 Nf6 2. c4 e6 3. Nf3 b6 4. e3 Bb7 5. Bd3 Be7 6. O-O O-O 7. Nc3 d5 8. b3 c5
9. Bb2 cxd4 10. exd4 Nc6 11. Rc1 Rc8 12. Re1 dxc4 13. bxc4 Nb4 14. Bf1 Bxf3 15.
Qxf3 Qxd4 16. Nd5 Qc5 17. Nxf6+ Bxf6 18. Bxf6 gxf6 19. Qxf6 Qf5 20. Qb2 Nc6 21.
Re3 Ne7 22. Bd3 Qf4 23. Bxh7+ Kxh7 24. Rh3+ Kg6 25. Rg3+ Kh5 26. Rf3 Qe4 27. Qf6
Nf5 28. h3 Rg8 29. Qxf7+ Kh6 30. Rcc3 Rg7 31. Qf6+ Rg6 32. Qf7 Rcg8 33. g4 Qe1+
34. Kh2 Qe5+ 35. Kh1 Qe1+ 36. Kh2 Qe5+ 37. Kh1 Qe1+ 38. Kh2 1/2-1/2

[Event "Women's Speed Chess Q5"]
[Site "chess.com INT"]
[Date "2021.06.04"]
[Round "1"]
[White "Starosta, Martyna"]
[Black "Atalik, Ekaterina"]
[Result "0-1"]
[WhiteTitle "WCM"]
[BlackTitle "IM"]
[WhiteElo "1910"]
[BlackElo "2430"]
[WhiteFideId "21818754"]
[BlackFideId "4130189"]
[EventDate "2021.06.04"]

1. e4 e5 2. Nf3 Nc6 3. Bb5 a6 4. Ba4 Nf6 5. O-O Be7 6. Re1 d6 7. c3 O-O 8. d4
Bg4 9. d5 Nb8 10. c4 Nbd7 11. Bxd7 Qxd7 12. b4 h6 13. Nc3 Nh7 14. h3 Bxf3 15.
Qxf3 f5 16. Nd1 Bg5 17. Ne3 fxe4 18. Qxe4 Rf4 19. Qc2 Raf8 20. Ng4 R4f7 21. c5
h5 22. Ne3 Rxf2 23. Qxf2 Rxf2 24. Kxf2 Qf7+ 25. Kg1 Bxe3+ 26. Bxe3 Qxd5 27. a3
Nf6 28. Rad1 Qe6 29. cxd6 cxd6 30. Bf2 d5 31. Bd4 e4 32. Rc1 Qd7 33. Rc3 Qb5 34.
Rec1 Qe2 35. Rc8+ Kh7 36. R8c7 Kg6 37. Rxb7 h4 38. Rb6 Qd3 39. Bxf6 gxf6 40.
Rcc6 Qd1+ 41. Kf2 Qd2+ 42. Kf1 Qd3+ 43. Kf2 e3+ 44. Kg1 e2 45. Rxf6+ Kg5 46.
Rfe6 Qd1+ 47. Kf2 Qf1+ 48. Ke3 e1=Q+ 49. Kd4 Qd2+ 50. Kc5 Qc4+ 51. Kd6 Qdf4+ 52.
Kd7 Qcc7+ 53. Ke8 Qff7# 0-1

[Event "Women's Speed Chess Q5"]
[Site "chess.com INT"]
[Date "2021.06.04"]
[Round "1"]
[White "Tarasova, Viktoriya"]
[Black "Sedina, Elena"]
[Result "1/2-1/2"]
[WhiteTitle "WIM"]
[BlackTitle "IM"]
[WhiteElo "2226"]
[BlackElo "2294"]
[WhiteFideId "4175840"]
[BlackFideId "812153"]
[EventDate "2021.06.04"]

1. d4 d5 2. c4 c6 3. Nf3 Nf6 4. Nc3 dxc4 5. a4 Bf5 6. e3 e6 7. Bxc4 Bb4 8. O-O
Nbd7 9. Nh4 O-O 10. Nxf5 exf5 11. f3 Rc8 12. Bd3 Qa5 13. e4 Bxc3 14. bxc3 Qxc3
15. Be3 fxe4 16. fxe4 Ng4 17. Qxg4 Qxd3 18. Rae1 Rcd8 19. Kh1 Kh8 20. e5 Qg6 21.
Qh4 Nb6 22. a5 Nd5 23. Bg5 f6 24. exf6 gxf6 25. Bd2 Rg8 26. Rf2 Rde8 27. Ref1
Re4 28. Qh3 Rxd4 29. Bc1 Qg4 30. Qh6 Rd1 31. g3 Rxf1+ 32. Rxf1 Qe2 33. Kg1 Re8
34. Rf2 Qe1+ 35. Kg2 Qe4+ 36. Kg1 Qd4 37. Kg2 Qe4+ 38. Kg1 Qb4 39. Bd2 Qb1+ 40.
Kg2 Qe4+ 41. Kg1 Qb1+ 42. Kg2 Qe4+ 43. Kg1 Qb1+ 1/2-1/2

[Event "Women's Speed Chess Q5"]
[Site "chess.com INT"]
[Date "2021.06.04"]
[Round "1"]
[White "February, Jesse Nikki"]
[Black "Pandey, Srishti"]
[Result "0-1"]
[WhiteTitle "WIM"]
[BlackTitle "WFM"]
[WhiteElo "1863"]
[BlackElo "2026"]
[WhiteFideId "14312336"]
[BlackFideId "35093290"]
[EventDate "2021.06.04"]

1. e4 e6 2. d4 d5 3. Nc3 Bb4 4. exd5 exd5 5. Bd3 Nf6 6. Bg5 Nbd7 7. Qd2 O-O 8.
Nge2 h6 9. Bh4 c6 10. O-O-O b5 11. f3 Be7 12. g4 a5 13. g5 Nh5 14. Ng3 Nxg3 15.
Bxg3 Bxg5 16. f4 Bf6 17. Qf2 Nb6 18. Rhg1 Nc4 19. Bxc4 bxc4 20. f5 Re8 21. Rde1
Rxe1+ 22. Rxe1 a4 23. Be5 a3 24. Rg1 axb2+ 25. Kb1 Kh7 26. Qg3 Bxf5 27. Rf1 Bxe5
28. dxe5 Bg6 29. h4 h5 30. Rg1 Ra3 31. e6 Qf6 32. Nxd5 Bxc2+ 33. Kxc2 Qf5+ 34.
Kxb2 Rxg3 35. Rxg3 fxe6 0-1

[Event "Women's Speed Chess Q5"]
[Site "chess.com INT"]
[Date "2021.06.04"]
[Round "1"]
[White "Szente Varga, Fruzsina"]
[Black "Sliwicka, Alicja"]
[Result "0-1"]
[WhiteTitle "WFM"]
[BlackTitle "WIM"]
[WhiteElo "2100"]
[BlackElo "2308"]
[WhiteFideId "712264"]
[BlackFideId "1150677"]
[EventDate "2021.06.04"]

1. e4 c5 2. Nf3 d6 3. d4 cxd4 4. Qxd4 Nf6 5. Bb5+ Bd7 6. Bxd7+ Qxd7 7. c4 Nc6 8.
Qd3 Qg4 9. Nbd2 Qxg2 10. Rg1 Qh3 11. Nb3 Nb4 12. Qe2 Nc2+ 13. Qxc2 Qxf3 14. Nd2
Qf4 15. b3 g6 16. Bb2 Bg7 17. O-O-O a5 18. f3 O-O 19. a4 h5 20. Kb1 Nd7 21. Bxg7
Kxg7 22. Rg3 Ne5 23. Rdg1 e6 24. Rg5 Nxf3 25. Nxf3 Qxf3 26. e5 Kh8 27. exd6 Rad8
28. c5 b6 29. Qb2+ Kh7 30. R1g3 Qd1+ 31. Ka2 bxc5 32. Qf6 Rxd6 33. Rg2 Rd2+ 34.
Rxd2 Qxd2+ 35. Ka3 Qxh2 36. Rxg6 fxg6 37. Qxf8 Qc7 38. Qf3 Kg7 39. Qe4 e5 40.
Qe1 g5 41. Qe2 Kh6 42. Qe4 Qd6 43. Qf5 c4+ 44. Kb2 cxb3 45. Kxb3 h4 46. Qg4 Qb4+
47. Qxb4 axb4 48. a5 h3 49. a6 h2 50. a7 h1=Q 0-1

[Event "Women's Speed Chess Q5"]
[Site "chess.com INT"]
[Date "2021.06.04"]
[Round "1"]
[White "Gaponenko, Inna"]
[Black "Obregon Garcia, Roxangel"]
[Result "1-0"]
[WhiteTitle "IM"]
[BlackTitle "WIM"]
[WhiteElo "2357"]
[BlackElo "2167"]
[WhiteFideId "14101181"]
[BlackFideId "3520420"]
[EventDate "2021.06.04"]

1. e4 c5 2. c3 d5 3. exd5 Qxd5 4. d4 Nc6 5. Nf3 Bf5 6. Na3 cxd4 7. Nb5 O-O-O 8.
cxd4 e5 9. Nc3 Bb4 10. Bd2 Bxc3 11. bxc3 exd4 12. cxd4 Nf6 13. Be2 Nxd4 14. Nxd4
Qxd4 15. Qc1+ Kb8 16. Bc3 Qe4 17. O-O Nd5 18. Bf3 Qe6 19. Re1 Qg6 20. Qb2 Rd7
21. Rad1 Nb6 22. Bxg7 Rg8 23. Rxd7 Bxd7 24. Be5+ Ka8 25. Bg3 Bc6 26. Bxc6 Qxc6
27. Qe5 Rc8 28. h3 f6 29. Qf5 Nd5 30. Qxh7 a6 31. Qf7 Ka7 32. h4 f5 33. Be5 f4
34. h5 Nb4 35. Qxf4 a5 36. a3 Nd5 37. Qd4+ Ka6 38. Rd1 Ne7 39. Qf4 Ka7 40. Rd6 1-0

[Event "Women's Speed Chess Q5"]
[Site "chess.com INT"]
[Date "2021.06.04"]
[Round "1"]
[White "Daulyte-Cornette, Deimante"]
[Black "Mohota, Nisha"]
[Result "1-0"]
[WhiteTitle "IM"]
[BlackTitle "IM"]
[WhiteElo "2394"]
[BlackElo "2195"]
[WhiteFideId "12802859"]
[BlackFideId "5004330"]
[EventDate "2021.06.04"]

1. e4 Nf6 2. e5 Nd5 3. d4 d6 4. c4 Nb6 5. exd6 cxd6 6. Nc3 g6 7. h3 Bg7 8. Nf3
O-O 9. Be2 Nc6 10. Bg5 h6 11. Be3 d5 12. c5 Nc4 13. Bc1 b6 14. b3 N4a5 15. cxb6
axb6 16. O-O Bf5 17. Bf4 Be4 18. Nb5 Bxf3 19. Bxf3 Nb7 20. Bc7 Qd7 21. Bxb6 Ra6
22. Bc5 Nxc5 23. dxc5 Bxa1 24. Qxa1 e5 25. Rd1 d4 26. Nd6 f5 27. Bd5+ Kh7 28. f4
e4 29. Bxc6 Qxc6 30. Qxd4 Rxa2 31. Nc4 Ra7 32. Ne5 1-0